| 000 | 00375nam a2200145Ia 4500 | ||
|---|---|---|---|
| 008 | 230917s9999||||xx |||||||||||||| ||und|| | ||
| 040 |
_e128925 _aMAIN |
||
| 041 | _aEnglish | ||
| 082 | _a813.09 W123C | ||
| 100 | _aWagenknecht, Edward | ||
| 245 | 0 | _aCavalcade of the American novel | |
| 260 |
_aNew York _bHolt, Rinehart and Winston _c1965 |
||
| 300 | _a572 p. | ||
| 942 | _cBK | ||
| 999 |
_c35109 _d35109 |
||